|
|
|
|
| LEADER |
00000naa a2200000uu 4500 |
| 001 |
vtls010945814 |
| 003 |
SK-MaSNL |
| 005 |
20260302121934.0 |
| 008 |
210902|1995 xo |||||||||||||||||rus| |
| 015 |
|
|
|a SNBRA
|
| 035 |
|
|
|a (urnnbn)urn:nbn:sk:snk:ar-a0bfjr
|
| 035 |
|
|
|a (uuid)7382c06a-1eee-4a0c-81d0-f75d87abfcf5
|
| 035 |
|
|
|a urn:nbn:sk:snk-aau7q2
|
| 040 |
|
|
|a SNKBUCL
|b slo
|c SNKBUCL
|e AACR2
|
| 041 |
0 |
|
|a rus
|
| 044 |
|
|
|a xo
|c SK
|
| 100 |
1 |
|
|a V. I. Bezpaľko
|4 aut
|9 804786
|
| 245 |
1 |
0 |
|a IZGOTOVLENIJE TONKOSTENNYCH OTLIVOK LITJEM S KRISTALLIZACIJEJ POD DAVLJENIJEM
|c V. I. Bezpaľko
|
| 773 |
0 |
|
|t Technológia '95
|d Bratislava : Slovenská technická univerzita, 1995
|g S. 174-175
|z 8022707821
|
| 958 |
|
|
|a OND
|
| 958 |
|
|
|a article11
|
| 958 |
|
|
|a chapter
|
| 999 |
|
|
|c 1275830
|d 1277760
|